000
00293nam a22001337a 4500
008
210304b ||||| |||| 00| 0 eng d
020
_a
`9780534190743
041
_a
eng
080
_a
070
100
_a
39
101
_a
MED
245
_a
Writing and Reporting News
_c
Rich,C
942
_2
udc
_c
BK
999
_c
55739
_d
55739